00450cam a22001214a 4500020002200000040000800022082002600030245013000056260003600186300004300222500003600265650002700301 a142440231X (pbk.) cDLC00a333 PIS 2006 C148 Or.10a2006 First International Symposium on Environment Identities in Mediterranean Area :bCorte-Ajaccio, France, 10-13 July 2006. aPiscataway, NJ :bIEEE,cc2006. a2 v. (ix, 631, 4 p.) :bill. ;c28 cm. a"IEEE catalog numer: 06EX2439." 0aEnvironmental sciences